00529nam a2200157Ia 4500008004000000082001700040100001900057245004200076260004500118300000800163650004200171690001600213906001100229999001700240952011400257210210b1978 xxu||||| |||| 00| 0 eng d a346.066 BAIC aBAIG (Nafees). aCompany law and secretarial practice. aDelhibSterling publishing pvt ltdc1978 a273 aCompany law & secretarial practice.  aCompany Law a033962 c84819d84819 001040708LawaALbALcLawd2021-02-17g15.00l0o346.066 BAICp033962r2021-02-17 00:00:00w2021-02-17yBK